| 000 | 00659nam a2200169 a 4500 | ||
|---|---|---|---|
| 008 | 120925s1994 ||||||||||||||||| || u | ||
| 020 | _a0070650500 | ||
| 050 | _aTK 7868.D5 Tok | ||
| 100 | _aTokheim, Roger L | ||
| 245 | 1 | 0 |
_aSchaum's outline of theory and problems of digital principles. -- 3rd ed. _cby Roger L. Tokheim |
| 250 | _a3rd ed. | ||
| 260 |
_aNew York: _bMcGraw-Hill _c1994 |
||
| 300 | _avii, 352p.: ill. | ||
| 500 | _aDonated by Counsellor Kang'ombe | ||
| 650 | 0 | _aDIGITAL ELECTRONICS | |
| 995 |
_FCBU-MAIN LIBRARY (Kitwe) _M1 _UAVAILABLE _WOct 4, 2012 _ZMain Library Open Access Collection |
||
| 999 |
_c57020 _d57020 |
||